1235 1705 1493 1564 1582 1748 1786 1805 1447 1182 1602 1135 1083 1126 1545 1271 1978 1532 1997 1409 1649 1006 1673 1294 1927 1920 1362 1259 1935 1937 1517 1261 1184 1965 1889 1760 1531 1972 1577 1322 1744 1032 1298 1551 1679 1713 1695 1690 1767 1060 1027 1193 1586 1762 1431 1667 1326 1280 1992 1857 1319 1865 1543 1893 1208 1965 1773 1795 1323 1522 1641 1930 1889 1592 1041 1549 1019 1373 1968 1872 1220 1412 1995 1352 1764 1071 1063 1373 1210 1831 1415 1611 1793 1997 1251 1937 1704 1464 1556 BCNSPRNW ULIB Ver.6.0+V

เปลี่ยนเป็นภาษาไทย

Change to English
 แสดงรายละเอียดบรรณานุกรม
  กลับหน้าหลัก

Brief Record : Get Marc (ISO 2709) : E-mail record : QR code < ปิดหน้าต่าง
LEADER : 00000nas 2200000uu 4500
001    13399124418
003     ULIB
008    020711s|||| th a 000 0 tha d
022    01257477
110    กรทรวงสาธารณสุข^bกรมควบคุมโรค^bสำนักระบาดวิทยา
245    รายงานการเฝ้าระวังทางระบาดวิทยาประจำสัปดาห์/^cสำนักระบาดวิทยา
260    นนทบุรี :^bสำนักระบาดวิทยา,^cม.ป.ป.
310    ^aรายเดือน
850 ^a ULIB:campus^bปีที่ 46 ฉบับที่ พิเศษ ฉ.1
945    ^p0^l0^i801315
รายการนี้ยังไม่มีแท็ก
คุณยังไม่ได้ล็อกอิน คุณสามารถมีกิจกรรมร่วมกับเว็บไซต์ได้ แต่ต้องล็อกอินก่อน ::
  ล็อกอิน

รายการสื่อสารสนเทศ (วารสาร)

ดูแบบ: กล่อง รายการ
ARRIVED
ปีที่ 46 ฉบับที่ พิเศษ ฉ.1
สถานที่: ห้องสมุดวิทยาเขตนครสวรรค์ >วารสาร

BibComment


ยังไม่เคยถูกคอมเมนท์

คอมเมนท์ทรัพยากรรายการนี้
  คอมเมนท์: รายงานการเฝ้าระวั..


 Copyright 2026. Bcnsprnw @Library